<?xml version="1.0" encoding="UTF-8"?>
<record
    xmlns:xsi="http://www.w3.org/2001/XMLSchema-instance"
    xsi:schemaLocation="http://www.loc.gov/MARC21/slim http://www.loc.gov/standards/marcxml/schema/MARC21slim.xsd"
    xmlns="http://www.loc.gov/MARC21/slim">

  <leader>00747nam a2200205 i 4500</leader>
  <controlfield tag="001">150838</controlfield>
  <controlfield tag="003">ES-MaACL</controlfield>
  <controlfield tag="005">20230911063142.0</controlfield>
  <controlfield tag="007">t|</controlfield>
  <controlfield tag="008">071114s1944    sp           ||||1| spa d</controlfield>
  <datafield tag="100" ind1="1" ind2=" ">
    <subfield code="a">Bull&#xF3;n y Fern&#xE1;ndez, Eloy,</subfield>
    <subfield code="c">Marqu&#xE9;s de Selva Alegre,</subfield>
    <subfield code="d">1879-1957</subfield>
    <subfield code="9">32523</subfield>
  </datafield>
  <datafield tag="245" ind1="1" ind2="4">
    <subfield code="a">Las relaciones de Espa&#xF1;a con Portugal : </subfield>
    <subfield code="b">lecciones del pasado y orientaciones del porvenir / </subfield>
    <subfield code="c">por Eloy Bull&#xF3;n.</subfield>
  </datafield>
  <datafield tag="260" ind1=" " ind2=" ">
    <subfield code="a">[S.l. : </subfield>
    <subfield code="b">s.n.], </subfield>
    <subfield code="c">1944.</subfield>
  </datafield>
  <datafield tag="300" ind1=" " ind2=" ">
    <subfield code="a">P. 467-493 ; </subfield>
    <subfield code="c">24 cm.</subfield>
  </datafield>
  <datafield tag="595" ind1=" " ind2=" ">
    <subfield code="a">Separata de: Estudios geogr&#xE1;ficos, a&#xF1;o V, n. 16.</subfield>
  </datafield>
  <datafield tag="651" ind1=" " ind2="4">
    <subfield code="a">Espa&#xF1;a-</subfield>
    <subfield code="x">Relaciones-</subfield>
    <subfield code="z">Portugal.</subfield>
    <subfield code="9">8476</subfield>
  </datafield>
  <datafield tag="651" ind1=" " ind2="4">
    <subfield code="a">Portugal-</subfield>
    <subfield code="x">Relaciones-</subfield>
    <subfield code="z">Espa&#xF1;a.</subfield>
    <subfield code="9">9269</subfield>
  </datafield>
  <datafield tag="852" ind1=" " ind2=" ">
    <subfield code="a">ES-MaACL</subfield>
    <subfield code="j">1902-F-16</subfield>
  </datafield>
  <datafield tag="999" ind1=" " ind2=" ">
    <subfield code="c">150838</subfield>
    <subfield code="d">150838</subfield>
  </datafield>
  <datafield tag="952" ind1=" " ind2=" ">
    <subfield code="0">0</subfield>
    <subfield code="1">0</subfield>
    <subfield code="4">0</subfield>
    <subfield code="7">0</subfield>
    <subfield code="8">Colecci&#xF3;n_de_folletos</subfield>
    <subfield code="a">ATENEOM</subfield>
    <subfield code="b">ATENEOM</subfield>
    <subfield code="c">DEPOF</subfield>
    <subfield code="d">2008-01-17</subfield>
    <subfield code="e">SC</subfield>
    <subfield code="l">0</subfield>
    <subfield code="o">1902-F-16</subfield>
    <subfield code="p">1157395</subfield>
    <subfield code="r">2023-02-23 00:00:00</subfield>
    <subfield code="w">2023-02-23</subfield>
    <subfield code="y">FOLLETOS</subfield>
  </datafield>
</record>
